000 00448pab a2200157 454500
008 180718b1984 xxu||||| |||| 00| 0 eng d
100 _aBlejer, Mario I.
245 _aGovernment policy and private investment in developing countries
260 _c1984
300 _a379-403
362 _aJune
650 _aInvestments - Underdeveloped Areas
700 _aMohsin S. Khan
773 _aInternational Monetary Fund Staff Papers
909 _a11346
999 _c11346
_d11346